Регионална библиотека "Любен Каравелов" - Русе

Световни умствени игри и пъзели (Запис номер 3051)

MARC детайли
000 -Лидер
Контролно поле с фиксирана дължина 01671nam a2200409 a 4500
003 - Код на организацията, давaща контролен номер
Контролно поле BLK
005 - Дата и час на последна редакция
Контролно поле 20241221122018.0
008 - Елементи от данни с фиксирана дължина
fixed length control field 180412b bul|||||r ||||||| ||bul||
010 ## - Наследен системен номер
LC control number KNG00004095000
020 ## - Международен стандартен номер на книга ISBN
Международен стандартен номер на книга ISBN 954-8719-02-9
040 ## - Източник на каталожния запис
Идентификатор на билиотеката - собственик на записа BLK
041 ## - Код за език
Код за езика на текст/звукозапис или на отделно заглавие Български
Код за езика КДБФ Български
080 ## - УДК
Текстов определител УДК Други игри. Викторини, гатанки, поговорки, кръстословици и др.
УДК код - определител по УДК 793.7
УДК - код + определител 793.7
080 ## - УДК
Текстов определител УДК Игри за ловкост. Главоблъсканици. Пъзели
УДК код - определител по УДК 794.5
УДК - код + определител 794.5
100 1# - Редна дума - Автор
Автор Шулман, Ан
Авторска отговорност първи автор
R(LIN) 246703
139 ## - Редно поле
Редна дума Шулман, Ан
Авторски знак Шу - Ш 96
245 10 - Сведения за заглавието
Заглавие Световни умствени игри и пъзели
Подзаглавни данни За юноши
Редно поле (дума) Ан Шулман; адапт. Елеонора Силвио Владимирова; прев. Елена Бейнова.
257 ## - Страна на издаване
Страна на създаване/издаване Великобритания
260 ## - Област на издателските данни
Име на издателя, разпространителя и проч. Аркус
Година на издаване 1994
Място на издаване, разпространение и проч. София
300 ## - Физическа характеристика
Страници 146 с.
Илюстрации и др. с ил.
Размери/Мащаб 24 см
380 ## - Жанр
Жанр Детска отраслова лит.
490 ## - СЕРИИ (Колекции)
Име на серия Серия Хоби
9 (RLIN) 202924
500 ## - Общи забележки
Забележка Ориг. загл. World Mind Games and Puzzles / Anne Schulman. - 10 000 тир.
650 #4 - Допълнително описание по предмет – тема
Основно описание – тема или топоним Игри за развлечение
9 (RLIN) 245182
653 ## - Ключова дума – ненормативна
Ключова дума игри
653 ## - Ключова дума – ненормативна
Ключова дума умствени игри
653 ## - Ключова дума – ненормативна
Ключова дума пъзели
700 1# - Други автори (авторска отговорност)
Лично име Владимирова, Елеонора Силвио
Автороска отговорност (Описва отношението между автора и произведението) адапт.
9 (RLIN) 246704
700 1# - Други автори (авторска отговорност)
Лично име Бейнова, Елена
Автороска отговорност (Описва отношението между автора и произведението) прев.
9 (RLIN) 246705
852 ## - Местоположение
Форматна сигнатура Цб 267163
856 4# - Електронен адрес и достъп
Електронен формат pdf - файл
Път до файла /url/
Инструкция (цена за достъп) 0.00
Права за достъп disable
856 4# - Електронен адрес и достъп
Електронен формат pdf - файл
Път до файла /url/
Инструкция (цена за достъп) 0.00
Права за достъп disable
999 ## - СИСТЕМНИ КОНТРОЛНИ НОМЕРА
Koha biblionumber 3051
Koha biblioitemnumber 3051
942 ## - АРТИКУЛИ
Вид на библиотечния материал Книги
Скрит в OPAC Не
Периодичен библиозапис Да
Koha issues (borrowed), all copies 3
944 ## - СЪЗДАВАНЕ И РЕДАКЦИЯ на ЗАПИСА
Създаване/Редакция Създаване
Дата на регистрацията/редакция 15.01.2003
Статус, дата на статуса Моника Янева
Служител, извършил регистрацията/редакцията 30570
944 ## - СЪЗДАВАНЕ И РЕДАКЦИЯ на ЗАПИСА
Създаване/Редакция Редакция
Дата на регистрацията/редакция 09.01.2014
Статус, дата на статуса ф /
999 ## - СИСТЕМНИ КОНТРОЛНИ НОМЕРА
Koha biblioitemnumber 3051
Наличности
Код за отписване Код за изгубен артикул Източник на класификационната схема Код за повреда Коз за рестрикции Код за отдаване Артикулен № Име на библиотеката - собственик Име на библиотеката, в която се намира в момента Статус (Текущо местоположение) Дата на вписване в системата Местоположение - отдел Цена в лева Инвентарен номер Систематично азбучна сигнатура Баркод Номер на екземпляра Цена в евро Служебна бележка Служебен тип на артикула
  Не е изгубен Universal Decimal Classification Не е повреден без рестрикции ползва се в читалня 5549 Регионална библиотека "Любен Каравелов" Русе Регионална библиотека "Любен Каравелов" Русе Хранилище 1994-01-01 Хранилище 1.20 606463 Цб 267163 120000606463 1 0.61 Дост: Dp Вид: Д N: стар фонд Дата: 01.01.1994 Книги
  Не е изгубен Universal Decimal Classification Не е повреден без рестрикции заемане за дома 5550 Регионална библиотека "Любен Каравелов" Русе Регионална библиотека "Любен Каравелов" Русе Детски отдел 1994-01-01 Детски отдел 1.20 606598 ДН 79/Ш 96 120000606598 2 0.61 Дост: Pk Вид: Ф N: стар фонд Дата: 01.01.1994 Дата инв: 25.08.2015 Бележки инв: Д2015 Книги
Vip Innovations Ltd, Rousse, Bulgaria 2025